La llamada de la selva / (Registro nro. 30990)
[ vista simple ]
| 000 -LEADER | |
|---|---|
| fixed length control field | 00878nam a22002657a 4500 |
| 003 - CONTROL NUMBER IDENTIFIER | |
| control field | OSt |
| 005 - DATE AND TIME OF LATEST TRANSACTION | |
| control field | 20250812091254.0 |
| 008 - FIXED-LENGTH DATA ELEMENTS--GENERAL INFORMATION | |
| fixed length control field | 250522b |||a|||| |||| 00| 0 spa d |
| 020 ## - INTERNATIONAL STANDARD BOOK NUMBER | |
| International Standard Book Number | 9789585594807 |
| 020 ## - INTERNATIONAL STANDARD BOOK NUMBER | |
| International Standard Book Number | 9789380028330 |
| 037 ## - SOURCE OF ACQUISITION | |
| Source of stock number/acquisition | Donación |
| 040 ## - CATALOGING SOURCE | |
| Original cataloging agency | CO-JMCR |
| Language of cataloging | spa |
| Transcribing agency | CO-JMCR |
| Modifying agency | CO-JMCR |
| Description conventions | rda |
| 041 01 - LANGUAGE CODE | |
| Language code of text/sound track or separate title | spa |
| Language code of original | eng |
| 082 04 - DEWEY DECIMAL CLASSIFICATION NUMBER | |
| Edition number | 23 |
| Classification number | H |
| Item number | LONl |
| 100 1# - MAIN ENTRY--PERSONAL NAME | |
| Personal name | London, Jack, |
| Relator term | autor |
| 9 (RLIN) | 40593 |
| 245 13 - TITLE STATEMENT | |
| Title | La llamada de la selva / |
| Statement of responsibility, etc. | Jack London ; traducción de María Fernanda Acevedo ; ilustración de Sachin Nagar. |
| 250 ## - EDITION STATEMENT | |
| Edition statement | 1a edición. |
| 260 ## - PUBLICATION, DISTRIBUTION, ETC. | |
| Place of publication, distribution, etc. | Bogotá; |
| Name of publisher, distributor, etc. | Enlace Editorial, |
| Date of publication, distribution, etc. | 2020. |
| 300 ## - PHYSICAL DESCRIPTION | |
| Extent | 68 páginas : |
| Other physical details | Ilustraciones ; |
| Dimensions | 24 cm. |
| 500 ## - GENERAL NOTE | |
| General note | Contiene Biografía [página 3] |
| 650 24 - SUBJECT ADDED ENTRY--TOPICAL TERM | |
| Source of heading or term | JMCR |
| Topical term or geographic name entry element | Novela estadounidense |
| 700 1# - ADDED ENTRY--PERSONAL NAME | |
| Personal name | Nagar, Sachin, |
| Relator term | Ilustrador |
| 9 (RLIN) | 44145 |
| 700 1# - ADDED ENTRY--PERSONAL NAME | |
| Personal name | Acevedo, María Fernanda, |
| Relator term | traductora |
| 9 (RLIN) | 44146 |
| 942 ## - ADDED ENTRY ELEMENTS (KOHA) | |
| Source of classification or shelving scheme | Dewey Decimal Classification |
| Koha item type | Books |
| Withdrawn status | Lost status | Source of classification or shelving scheme | Damaged status | Not for loan | Collection code | Home library | Current library | Shelving location | Date acquired | Source of acquisition | Total Checkouts | Full call number | Barcode | Date last seen | Copy number | Price effective from | Koha item type |
|---|---|---|---|---|---|---|---|---|---|---|---|---|---|---|---|---|---|
| Dewey Decimal Classification | Fiction | Biblioteca Pública José María del Castillo y Rada | Biblioteca Pública José María del Castillo y Rada | Book Cart | 05/14/2025 | Donación | H LONl | 201812332 | 05/22/2025 | Ej.1 | 05/22/2025 | Books |